Global HR competencies : (Record no. 351951)
[ view plain ]
| 000 -LEADER | |
|---|---|
| fixed length control field | 02236cam a2200349 a 4500 |
| 001 - CONTROL NUMBER | |
| control field | 17387405 |
| 003 - CONTROL NUMBER IDENTIFIER | |
| control field | OSt |
| 005 - DATE AND TIME OF LATEST TRANSACTION | |
| control field | 20180116183100.0 |
| 008 - FIXED-LENGTH DATA ELEMENTS--GENERAL INFORMATION | |
| fixed length control field | 120716s2013 nyua b 001 0 eng |
| 010 ## - LIBRARY OF CONGRESS CONTROL NUMBER | |
| LC control number | 2012026523 |
| 020 ## - INTERNATIONAL STANDARD BOOK NUMBER | |
| International Standard Book Number | 9780071802680 (alk. paper) |
| 020 ## - INTERNATIONAL STANDARD BOOK NUMBER | |
| International Standard Book Number | 0071802681 (alk. paper) |
| 020 ## - INTERNATIONAL STANDARD BOOK NUMBER | |
| International Standard Book Number | 9780071802697 (ebk.) |
| 020 ## - INTERNATIONAL STANDARD BOOK NUMBER | |
| International Standard Book Number | 007180269X (ebk.) |
| 040 ## - CATALOGING SOURCE | |
| Original cataloging agency | DLC |
| Transcribing agency | DLC |
| Modifying agency | DLC |
| 042 ## - AUTHENTICATION CODE | |
| Authentication code | pcc |
| 050 00 - LIBRARY OF CONGRESS CALL NUMBER | |
| Classification number | HF5549 |
| Item number | .G5386 2013 |
| 082 00 - DEWEY DECIMAL CLASSIFICATION NUMBER | |
| Classification number | 658.3 ULR 2013 |
| Edition number | 23 |
| 100 ## - MAIN ENTRY--PERSONAL NAME | |
| Personal name | Ulrich,Dave |
| 245 00 - TITLE STATEMENT | |
| Title | Global HR competencies : |
| Remainder of title | mastering competitive value from the outside in / |
| Statement of responsibility, etc. | Dave Ulrich ... [et al.]. |
| 260 ## - PUBLICATION, DISTRIBUTION, ETC. | |
| Place of publication, distribution, etc. | New York, NY : |
| Name of publisher, distributor, etc. | McGraw-Hill, |
| Date of publication, distribution, etc. | c2013. |
| 300 ## - PHYSICAL DESCRIPTION | |
| Extent | xii, 292 p. : |
| Other physical details | ill. ; |
| Dimensions | 24 cm. |
| 440 ## - SERIES STATEMENT/ADDED ENTRY--TITLE | |
| Title | Global HR competencies : mastering competitive value from the outside in |
| 500 ## - GENERAL NOTE | |
| General note | HB. |
| 504 ## - BIBLIOGRAPHY, ETC. NOTE | |
| Bibliography, etc. note | Includes bibliographical references and index. |
| 505 0# - FORMATTED CONTENTS NOTE | |
| Formatted contents note | Preface: global HR / Dave Ulrich -- part one: the changing global business landscape and how HR requirements have responded. Overview and logic / Wayne Brockbank -- The global perspective / Jade White and Jon Younger -- Part two: the world's nine major regions: their business challenges, HR competencies and competitive practices. Africa / Justin Allen and Elijsh Litheko -- Australia and New Zealand / Anne-Marie Dolan and Alan Nankervis -- China / Arthur Yeung and Wang Tao -- Europe / Allan Freed, Christine Cleeman/Even Bolstad, and Havard Berntzen -- India / Wayne Brockbank and L. Prabhakar -- Latin America / Michel Hermans and Alejandro Sioli -- The Middle East / Adam Rampton, Fouzi Abdulrahman Bubshait, and Andrew Lindsay Cox -- North America / Keith E. Lawrence -- Turley / Pelin Urgancilar and Michael D. Phillips -- Part three: summary and integration of regional differences. Common and customized competencies: similarities and differences around the world / Bradley A. Winn and Dale Lake -- Future of global HR: what's next? / Dave Ulrich. |
| 650 #0 - SUBJECT ADDED ENTRY--TOPICAL TERM | |
| Topical term or geographic name entry element | Personnel management. |
| 700 1# - ADDED ENTRY--PERSONAL NAME | |
| Personal name | Ulrich, David, |
| Dates associated with a name | 1953- |
| 906 ## - LOCAL DATA ELEMENT F, LDF (RLIN) | |
| a | 7 |
| b | cbc |
| c | orignew |
| d | 2 |
| e | ecip |
| f | 20 |
| g | y-gencatlg |
| 942 ## - ADDED ENTRY ELEMENTS (KOHA) | |
| Source of classification or shelving scheme | |
| Koha item type | Book |
| Withdrawn status | Lost status | Source of classification or shelving scheme | Damaged status | Not for loan | Collection code | Permanent Location | Current Location | Shelving location | Date acquired | Total Checkouts | Full call number | Barcode | Date last seen | Date last checked out | Price effective from | Koha item type |
|---|---|---|---|---|---|---|---|---|---|---|---|---|---|---|---|---|
| Central Library (CL) | Central Library (CL) | General Stacks | 12/02/2016 | 3 | 658.3 ULR 2013 | NBS10248 | 09/27/2024 | 10/03/2018 | 12/02/2016 | Book |
